000 00457nam a2200169Ia 4500
005 20230208114941.0
008 131103s9999 xx 000 0 und d
040 _aLoreto College
041 _aEnglish
082 _a820.9
_bDAI
100 _aDaiches, David
245 2 _aA critical history of english literature
_cDavid Daiches
260 _aLondon
_bSecker & Warburg
_c1968
650 _aEnglish literature - Criticism
850 _aLCLIB
942 _cBK
999 _c21091
_d71570